| 000 | 01006nas a2200253Ia 4500 | ||
|---|---|---|---|
| 001 | R142/77673 | ||
| 003 | IT-RoPAU | ||
| 008 | 151124c99999999xx |||||||||||| ||und|| | ||
| 040 | _aIT-RoPAU | ||
| 040 | _cIT-RoPAU | ||
| 041 | _aFRANCESE | ||
| 100 |
_aGras Alain _gCodice Aut. SPICS: 5872 |
||
| 210 | _aRESEAUX | ||
| 222 | _aReseaux | ||
| 245 |
_aRESEAUX, N.048 (LUGLIO/AGOSTO 1991) _bSecurite' Du Reseau Des Transports Aeriens (La) |
||
| 250 | _a1a ed. | ||
| 260 |
_aPARIS _bCNET _c1991 |
||
| 501 |
_bPaulus - SPICS - Società San Paolo EM (non-commercial uses only) _cCopyright2015 |
||
| 300 | _a15 p. [23-37] | ||
| 362 | _aN.048 (LUGLIO/AGOSTO 1991) | ||
| 500 | _aSicurezza della Rete dei Trasporti Aerei: Saper Fare e Informatica in un Macrosistema Tecnico in Rapida Evoluzione. Breve Storia Delle Mentalità Nell'Aviazione Civile. Controllo Aereo e Macrosistema Tecnico. Controllo dell'Immaginario. Sovraccarico e Rego | ||
| 650 |
_aCOMUNICAZIONE _vPUBBLICAZIONE PERIODICA |
||
| 942 | _cCR | ||
| 999 |
_c191361 _d191361 |
||